Encuesta diagnóstico de la región de desarrollo de Coto Sur /
Shranjeno v:
| Autores Corporativos: | , |
|---|---|
| Format: | Texto |
| Izdano: |
San José:
ITCO. Sección de Publicaciones
|
| Oznake: |
Označite
Brez oznak, prvi označite!
|
MARC
| LEADER | 00000 a a2200000 04500 | ||
|---|---|---|---|
| 001 | 15912 | ||
| 003 | |||
| 040 | |||
| 090 | |a 016200 | ||
| 110 | |a Instituto de Tierras y Colonización. Departamento de Organización y Capacitación Campesina (Costa rica) | ||
| 245 | |a Encuesta diagnóstico de la región de desarrollo de Coto Sur / |c Instituto de Tierras y Colonización. Departamento de Organización y Capacitación Campesina (Costa rica) | ||
| 260 | |a San José: |b ITCO. Sección de Publicaciones | ||
| 300 | |a 39 p. | ||
| 710 | |a Proyecto COS/72/018 "Empleo y Desarrollo Rural" PNUD/OIT/ITCO | ||
| 999 | |c 6187 |d 6187 | ||
